Economics of development and planning (Record no. 212034)
[ view plain ]
| 000 -LEADER | |
|---|---|
| fixed length control field | 00604nam a2200229Ia 4500 |
| 003 - CONTROL NUMBER IDENTIFIER | |
| control field | OSt |
| 005 - DATE AND TIME OF LATEST TRANSACTION | |
| control field | 20260105160806.0 |
| 008 - FIXED-LENGTH DATA ELEMENTS--GENERAL INFORMATION | |
| fixed length control field | 210719s2020 xx 000 0 und d |
| 020 ## - INTERNATIONAL STANDARD BOOK NUMBER | |
| International Standard Book Number | 978-81-8281-600-8 |
| 040 ## - CATALOGING SOURCE | |
| Transcribing agency | AL |
| 041 ## - LANGUAGE CODE | |
| Language code of text/sound track or separate title | eng |
| 082 ## - DEWEY DECIMAL CLASSIFICATION NUMBER | |
| Classification number | 338.9 JHIE |
| 100 ## - MAIN ENTRY--PERSONAL NAME | |
| Personal name | Jhingan M L |
| 9 (RLIN) | 46687 |
| 245 ## - TITLE STATEMENT | |
| Title | Economics of development and planning |
| 250 ## - EDITION STATEMENT | |
| Edition statement | 42 Rev |
| 260 ## - PUBLICATION, DISTRIBUTION, ETC. | |
| Place of publication, distribution, etc. | Delhi |
| Name of publisher, distributor, etc. | Vrinda Publications (P) Ltd |
| Date of publication, distribution, etc. | 2020 |
| 300 ## - PHYSICAL DESCRIPTION | |
| Extent | xix,532 |
| Other physical details | PB |
| 365 ## - TRADE PRICE | |
| Price amount | 350 |
| Currency code | Rs |
| 700 ## - ADDED ENTRY--PERSONAL NAME | |
| Personal name | Jhingan B K |
| 9 (RLIN) | 250195 |
| 906 ## - LOCAL DATA ELEMENT F, LDF (RLIN) | |
| a | 42 ; development ; Economics ; Ed ; planning ; Rev |
| 942 ## - ADDED ENTRY ELEMENTS (KOHA) | |
| Source of classification or shelving scheme | Dewey Decimal Classification |
| Koha item type | Book |
| Withdrawn status | Lost status | Source of classification or shelving scheme | Damaged status | Not for loan | Collection code | Home library | Current library | Shelving location | Date acquired | Source of acquisition | Cost, normal purchase price | Total Checkouts | Total Renewals | Full call number | Barcode | Date last seen | Date last checked out | Cost, replacement price | Price effective from | Koha item type |
|---|---|---|---|---|---|---|---|---|---|---|---|---|---|---|---|---|---|---|---|---|
| Dewey Decimal Classification | Commerce | St Aloysius Library | St Aloysius Library | Stack Section | 03/15/2021 | Sapna Book House Pvt Ltd, K S Rao Road, Mangalore-575001 | General Annual | 350.00 | 6 | 1 | 338.9 JHIE | 074848 | 11/05/2024 | 10/24/2024 | 280.00 | 07/19/2021 | Book |